LEADER 01118nam0 22002891i 450 001 UON00523258 005 20240228011646.493 010 $a38-85327-59-7 100 $a20240228d1996 |0itac50 ba 101 $ager 102 $aDE 105 $a|||| ||||| 200 1 $aLeselandschaft 2$eUnterrichtswerk für die Mittelstufe$fGünther Hasenkamp 205 $a1a Auflage 210 $aIsmaning$cVerlag für Deutsch$d1996 215 $a228 p.$cill.$d24 cm 606 $aLingua tedesca$xManuali per stranieri$3UONC046885$2FI 620 $dIsmaning$3UONL001539 676 $a438.24$cUso tedesco standard (Linguistica prescrittiva). Elementi stranieri$v21 700 1$aHasenkamp$bGünther$3UONV294708$01849787 712 $aVerlag für Deutsch$3UONV268707$4650 801 $aIT$bSOL$c20251003$gRICA 899 $aSIBA - SISTEMA BIBLIOTECARIO DI ATENEO$2UONSI 912 $aUON00523258 950 $aSIBA - SISTEMA BIBLIOTECARIO DI ATENEO$dSI F. Goethe 438.2 LES 5337 $eSI 50614 5 5337 996 $aLeselandschaft 2$94442203 997 $aUNIOR